| 000 | 00761nam a22001935i 4500 | ||
|---|---|---|---|
| 001 | 153590 | ||
| 003 | ES-MaACL | ||
| 005 | 20250704062530.0 | ||
| 008 | 971110s1852 sp a |||| | spa d | ||
| 040 |
_aAR _bspa _cAR |
||
| 100 | 1 |
_aDumas, Alexandre, _d1802-1870 _eaut _9241135 |
|
| 245 | 1 | 0 |
_aCrímenes célebres / _cpor Alejandro Dumas. |
| 260 |
_aMadrid : _b[s.n.], _c1852 ( _fEstab. tip. de F. de P. Mellado) |
||
| 300 |
_a66 p., [1] h. de lám. : _bil. ; _c28 cm. |
||
| 505 | 8 | _aContiene: María Estuardo | |
| 852 |
_aES-MaACL _jC-2290(3) _z-- Enc. hol. _z-- Legado M. de La Fuente _z-- Enc. en un vol. facticio _x-- Edic.: en la portadilla aparece la serie: "Novelas populares y obras ilustradas" |
||
| 942 | _2udc | ||
| 999 |
_c153590 _d153590 |
||